USA State Flags - Statistics

General Stats
  • This quiz has been taken 73 times
  • The average score is 41 of 50
Answer Stats
Picture Answer % Correct
New Mexico
98%
Alaska
96%
Alabama
94%
Hawaii
94%
Colorado
92%
South Carolina
90%
Ohio
88%
Arkansas
87%
Georgia
87%
Maryland
87%
New York
87%
Oklahoma
87%
Tennessee
87%
Washington
87%
California
85%
Indiana
85%
Texas
85%
Wyoming
85%
Delaware
83%
Nebraska
83%
Oregon
83%
Rhode Island
83%
Arizona
81%
Florida
81%
Illinois
81%
Kentucky
81%
Massachusetts
81%
Missouri
81%
Montana
81%
South Dakota
81%
Kansas
79%
Louisiana
79%
Maine
79%
North Carolina
79%
Pennsylvania
79%
Idaho
77%
Iowa
77%
Michigan
77%
North Dakota
77%
West Virginia
77%
Minnesota
75%
Nevada
75%
Vermont
75%
Virginia
75%
Connecticut
73%
New Jersey
73%
New Hampshire
71%
Mississippi
67%
Utah
67%
Wisconsin
65%
No matching quizzes found
Score Distribution
Percent of People with Each Score
Percentile by Number Answered
Your Score History
You have not taken this quiz